000
00218 a2200097 4500
001
48453
100
_a
Ehrstrom, I
245
_a
Doctor's wife in Greenland
260
_a
London
_b
George allen
_c
090
_c
31389
_d
31389
942
_a
NUST-CAE
_c
M
_c
23768
999
_c
283526
_d
283526